Robert Lewandowski - najczęstsi koledzy z boiska - Statystyki

Ogólne statystyki
  • Ten quiz został rozwiązany 189 razy
  • Średni wynik to 11 z 20
Statystyki odpowiedzi
Występy Piłkarz % Poprawnych
333 Thomas Müller
93%
296 Manuel Neuer
90%
209 Jakub Błaszczykowski
88%
212 Łukasz Piszczek
88%
130 Arjen Robben
71%
136 Franck Ribéry
70%
272 Joshua Kimmich
68%
267 Mats Hummels
66%
209 Jérôme Boateng
61%
265 David Alaba
56%
212 Kingsley Coman
54%
164 Mario Götze
54%
157 Serge Gnabry
48%
193 Thiago Alcántara
30%
153 Niklas Süle
28%
172 Roman Weidenfeller
27%
166 Javi Martínez
25%
147 Marcel Schmelzer
18%
151 Rafinha
13%
165 Kevin Großkreutz
10%
Nie znaleziono quizów pasujących do podanych kryteriów
Rozkład punktacji
Procent ludzi z każdym wynikiem
Percentyl według liczby udzielonych odpowiedzi
Twoja historia wyników
Nie rozwiązałeś tego quizu